书目信息 |
| 题名: |
工程测量
|
|
| 作者: | 郭宗河 , 郑加柱 , 党星海 主编 | |
| 分册: | ||
| 出版信息: | 北京 人民交通出版社 2006.01 |
|
| 页数: | 294页 | |
| 开本: | 26cm | |
| 丛书名: | ||
| 单 册: | ||
| 中图分类: | TB22 | |
| 科图分类: | ||
| 主题词: | 工程测量--gong cheng ce liang--高等学校--教材 | |
| 电子资源: | ||
| ISBN: | 7-114-05903-5 | |
| 000 | 00996nam0 2200265 450 | |
| 001 | 012006312093 | |
| 005 | 20060522105944.46 | |
| 010 | @a7-114-05903-5@dCNY32.00 | |
| 100 | @a20060510d2006 km y0chiy0120 ea | |
| 101 | 0 | @achi |
| 102 | @aCN@b110000 | |
| 105 | @aa a 000yy | |
| 200 | 1 | @a工程测量@Agong cheng ce liang@f党星海, 郭宗河, 郑加柱主编@Fdang xing hai,guo zong he,zheng jia zhu zhu bian |
| 210 | @a北京@c人民交通出版社@d2006.01 | |
| 215 | @a294页@c图@d26cm | |
| 300 | @a交通版高等学校土木工程专业规划教材 | |
| 320 | @a有书目 (第294页)。 | |
| 330 | @a:本书是交通版高等院校土木工程类系列教材之一。全书共17章,为测绘学基本知识、小地区控制测量、全球定位系统、地形图基本知识、施工测量、工程建筑物变形观测等。 | |
| 606 | 0 | @a工程测量@Agong cheng ce liang@x高等学校@j教材 |
| 690 | @aTB22@v4 | |
| 701 | 0 | @a郭宗河@Aguo zong he@4主编 |
| 701 | 0 | @a郑加柱@Azheng jia zhu@4主编 |
| 701 | 0 | @a党星海@Adang xing hai@4主编 |
| 801 | 0 | @aCN@bQSSK@c20060522 |
| 905 | @a10447@dTB22@eD179 | |
| 工程测量/党星海, 郭宗河, 郑加柱主编.-北京:人民交通出版社,2006.01 |
| 294页:图;26cm |
| 交通版高等学校土木工程专业规划教材 |
| ISBN 7-114-05903-5:CNY32.00 |
| :本书是交通版高等院校土木工程类系列教材之一。全书共17章,为测绘学基本知识、小地区控制测量、全球定位系统、地形图基本知识、施工测量、工程建筑物变形观测等。 |
| ● |
| 相关链接 |
|
|
|
正题名:工程测量
索取号:TB22/D179
 
预约/预借
| 序号 | 登录号 | 条形码 | 馆藏地/架位号 | 状态 | 备注 |
| 1 | 580473 | 205804735 | 期刊室512/501自科库 5排2列2层/ [索取号:TB22/D179] | 在馆 | |
| 2 | 580474 | 205804744 | 自科库501/501自科库 5排2列2层/ [索取号:TB22/D179] | 在馆 | |
| 3 | 580475 | 205804753 | 自科库501/501自科库 5排2列2层/ [索取号:TB22/D179] | 在馆 |